| 000 | 00000nas##2200000za#4500 |
| 001 | 9.505378 |
| 003 | CaOODSP |
| 005 | 20200325132512 |
| 007 | cr ||||||||||| |
| 008 | 150406c2008||||xxc|| m o||||f| |0eng|d |
| 040 | |aCaOODSP|beng |
| 043 | |an-cn--- |
| 086 | 1 |aFA1-4E-PDF |
| 110 | 1 |aCanada. |bOffice of the Auditor General. |
| 245 | 10|aStatus report of the Commissioner of the Environment and Sustainable Development to the House of Commons |h[electronic resource] |
| 260 | |aOttawa - Ontario : |bOffice of the Auditor General of Canada |
| 310 | |aAnnual |
| 775 | 08|tLe point - rapport du commissaire à l'environnement et au développement durable à la Chambre des communes |w(CaOODSP)9.501777 |
| 776 | 0#|tStatus report of the Commissioner of the Environment and Sustainable Development to the House of Commons |w(CaOODSP)9.515534 |
| 785 | 00|tReport of the Commissioner of the Environment and Sustainable Development to the House of Commons. [Chapters] |w(CaOODSP)9.506251 |